000 00764nas a2200265 4500
001 BR0500631
003 BR-BrBNA
005 20231205105123.0
007 ta
008 230509b bl.|||p| |||| 00| 00por d
040 _aBR-BrBNA
_bpor
_cBiblioteca Nacional de Agricultura
041 _a(Pt)
072 _aK50; U10
100 1 _aBallarin, A.W.
100 1 _aNogueira, M.
245 1 _aCaracterização elástica da madeira de Eucalyptus citriodora
650 _aEUCALIPTO
650 _aELASTICIDADE
650 _aMADEIRA
650 _aMODELO MATEMÁTICO
650 _aPROPRIEDADE FÍSICO-QUÍMICA
773 0 _tCerne (Brazil)
_xISSN 0104-7760
_g(2003), v. 9(1) p. 66-80
_wBR0500631
909 _a202311
_bLúcia
_c55
_dLúcia Elande
942 _2AGRIS
_n0
_cANA
999 _c181344
_d181344